|
000
|
00855pam0 2200265 45
|
|
001
|
0194024309
|
|
005
|
20060303142127.84
|
|
010
|
|
@a7-81016-987-4@dCNY13.80
|
|
100
|
|
@a19970403d1994 ekmy0chiy0121 ea
|
|
101
|
0
|
@achi
|
|
105
|
|
@aa z 000yy
|
|
200
|
1
|
@a新编计算机应用基础教程@AXIN BIAN JI SUAN JI YING YONG JI CHU JIAO CHENG@f高国恩编著@FGao Guo En Bian Zhu
|
|
210
|
|
@a成都@c电子科技大学出版社@d1994.02
|
|
215
|
|
@a308页@c图表@d26cm
|
|
314
|
|
@a高国恩,四川大学外贸系任教
|
|
517
|
1
|
@a计算机应用基础教程@AJi Suan Ji Ying Yong Ji Chu Jiao Cheng
|
|
540
|
1
|
@a计算机 应用@AJi Suan Ji Ying Yong
|
|
606
|
|
@a计算技术@x教材
|
|
606
|
0
|
@a电子计算机
|
|
690
|
|
@aTP3@v3
|
|
692
|
|
@a73.879@v2
|
|
701
|
0
|
@a高国恩@AGAO GUO EN@4编著
|
|
801
|
0
|
@aCN@bWH@c20060303
|
|
905
|
|
@a10447@dTP3@e83
|
|
985
|
|
@aW00769978@bJS@aW00769979@bLG
|
|
|
|
|
| |
| 新编计算机应用基础教程/高国恩编著.-成都:电子科技大学出版社,1994.02 |
| 308页:图表;26cm |
| |
| |
| ISBN 7-81016-987-4:CNY13.80 |
| |
| ● |
正题名:新编计算机应用基础教程
索取号:TP3/83
 
预约/预借
| 序号
|
登录号
|
条形码
|
馆藏地/架位号
|
状态
|
备注
|
|
1
|
82295
|
200822958
|
海科密-1楼/53架12列7层/
[索取号:TP3/83]
|
在馆
|
|
|
2
|
82296
|
200822967
|
海科密-1楼/53架12列7层/
[索取号:TP3/83]
|
在馆
|
|